000 00611ntaaa2200217 4500
003 01
005 20251027202139.0
008 0714s1973 ag 01
020 _a2825406457
040 _aAR-BaBN
_bspa
_cAR-BaBN
_eaacr
_dRIC
082 _a262.1400 Or2p
245 _aOrdination of women in ecumenical perspective
250 _a1 ed.
260 _aGeneva :
_bWorld Council of Churches,
_c1980
300 _a96 p ;
_c21,5 cm
500 _aBibliografia: p. 75-94
650 _aordenacion-ministros
_919582
650 _amujeres-ministerio de las
_919945
700 _aParvey, Constance F
_919746
942 _cBK
999 _c16386
_d16386